[Event "Turkey IS Bank Super League 2017"]
[Site "Darica-Kocaeli"]
[Date "2017.07.31"]
[Round "7"]
[White "Tasdogen, Dincer"]
[Black "Gokerkan, Cem Kaan"]
[Result "1/2-1/2"]
[WhiteElo "2215"]
[BlackElo "2321"]
[Annotator "NA"]
[PlyCount "87"]
[EventType "team-tourn"]
[EventCountry "TUR"]
[SourceTitle "playchess.com"]
[Source "ChessBase"]
[SourceQuality "1"]
[TimeControl "40/5400+30:1800+30"]

1. e4 {[%emt 0:00:30]} c5 {[%emt 0:01:00]} 2. Ne2 {[%emt 0:00:30]} Nf6 {[%emt 0:00:30]} 3. Nbc3 {[%emt 0:00:30]} d5 {[%emt 0:02:30]} 4. exd5 {[%emt 0:01:30]} Nxd5 {[%emt 0:00:30]} 5. g3 {[%emt 0:18:30]} Nxc3 {[%emt 0:00:30] LiveBook: 5 Games} 6. Nxc3 {[%emt 0:00:00]} Bf5 {[%emt 0:00:30]} 7. Bg2 {[%emt 0:04:00]} Qd7 {[%emt 0:00:30]} 8. d3 {[%emt 0:05:30]} Nc6 {[%emt 0:00:30]} 9. Be3 {[%emt 0:02:30]} Nd4 {[%emt 0:19:30]} 10. Ne4 {[%emt 0:14:30]} e5 {[%emt 0:03:30]} 11. c3 {[%emt 0:17:30]} Ne6 {[%emt 0:00:30]} 12. g4 {[%emt 0:08:30]} (12. Qf3 $5 {[%cal Rf3f5]} Bg6 13. h4 $11) 12... Bg6 {[%emt 0:01:30]} 13. Qb3 {[%emt 0:01:30]} Be7 {[%emt 0:10:30]} 14. O-O-O {[%emt 0:06:30]} Rc8 {[%emt 0:09:30]} 15. Ng3 {[%emt 0:06:27]} b5 $11 {[%emt 0:06:30]} 16. Qd5 {[%emt 0:02:04]} Qxd5 {[%emt 0:10:30]} 17. Bxd5 {[%emt 0:00:01]} Kd7 {[%emt 0:07:30]} 18. h4 {[%emt 0:06:29]} h6 {[%emt 0:00:00]} 19. Be4 {[%emt 0:00:39]} Bh7 {[%emt 0:04:00]} 20. Bxh7 {[%emt 0:01:48]} Rxh7 {[%emt 0:00:30]} 21. h5 {[%emt 0:00:13]} Rhh8 {[%emt 0:05:52]} 22. Kb1 {[%emt 0:00:29]} Rhd8 {[%emt 0:01:58]} 23. Nf5 {[%emt 0:00:43]} Bf6 {[%emt 0:00:49]} 24. d4 {[%emt 0:00:30]} exd4 {[%emt 0:00:51]} 25. cxd4 {[%emt 0:00:01]} cxd4 {[%emt 0:03:48]} 26. Nxd4 {[%emt 0:00:01]} Nxd4 {[%emt 0:01:32]} 27. Bxd4 {[%emt 0:00:30]} Bxd4 {[%emt 0:00:00]} 28. Rxd4+ {[%emt 0:00:00]} Kc6 {[%emt 0:00:14]} 29. Rhd1 {[%emt 0:01:36]} Rxd4 {[%emt 0:00:35]} 30. Rxd4 {[%emt 0:00:01]} Re8 {[%emt 0:00:53]} 31. a4 {[%emt 0:01:20]} Re1+ {[%emt 0:00:19]} 32. Ka2 {[%emt 0:00:21]} a6 {[%emt 0:02:48]} 33. axb5+ {[%emt 0:00:24]} axb5 {[%emt 0:00:00]} 34. Rd8 {[%emt 0:00:48]} Re4 {[%emt 0:02:02]} 35. f3 {[%emt 0:00:20]} Ra4+ {[%emt 0:01:10]} 36. Kb1 {[%emt 0:00:34]} Rf4 {[%emt 0:00:22]} 37. Rg8 {[%emt 0:00:33]} Rxf3 {[%emt 0:00:43]} 38. Rxg7 {[%emt 0:00:01]} Kd5 {[%emt 0:03:19]} 39. g5 {[%emt 0:00:47]} hxg5 {[%emt 0:01:13]} 40. Rxg5+ {[%emt 0:00:00]} Kc4 {[%emt 0:01:32]} 41. Ka2 {[%emt 0:09:50]} Rf4 {[%emt 0:15:01]} 42. h6 {[%emt 0:03:52]} Rh4 {[%emt 0:00:47]} 43. Rf5 {[%emt 0:01:12]} Rxh6 {[%emt 0:03:42]} 44. Rf4+ {[%emt 0:01:00]} 1/2-1/2

[Event "Turkey IS Bank Super League 2017"]
[Site "Darica-Kocaeli"]
[Date "2017.07.31"]
[Round "7"]
[White "Yilmaz, Goktan"]
[Black "Kiremitciyan, Ari"]
[Result "0-1"]
[WhiteElo "2202"]
[BlackElo "2240"]
[Annotator "NA"]
[PlyCount "92"]
[EventType "team-tourn"]
[EventCountry "TUR"]
[SourceTitle "playchess.com"]
[Source "ChessBase"]
[SourceQuality "1"]
[TimeControl "40/5400+30:1800+30"]

1. e4 {[%emt 0:01:30]} c5 {[%emt 0:01:00]} 2. Nf3 {[%emt 0:00:30]} e6 {[%emt 0:00:30]} 3. d4 {[%emt 0:00:30]} cxd4 {[%emt 0:00:30]} 4. Nxd4 {[%emt 0:00:30]} Nc6 {[%emt 0:00:30]} 5. Nc3 {[%emt 0:00:30]} Qc7 {[%emt 0:00:30]} 6. Be3 {[%emt 0:00:30]} a6 {[%emt 0:00:30]} 7. Be2 {[%emt 0:00:00]} b5 {[%emt 0:07:30]} 8. Nxc6 {[%emt 0:00:00]} dxc6 {[%emt 0:01:30] B49: Sicilian: Taimanov: 5 Nc3 Qc7 6 Be3 a6 7 Be2} 9. a4 {[%emt 0:00:00]} b4 {[%emt 0:04:30]} 10. Nb1 {[%emt 0:00:00]} Nf6 {[%emt 0:01:30]} 11. Nd2 {[%emt 0:00:00]} e5 $146 {[%emt 0:03:30]} ({Predecessor:} 11... c5 12. f3 Bb7 13. Nc4 Nd7 14. Qc1 Be7 15. O-O O-O 16. Bf4 {1-0 (35) Topalov,V (2785)-Svidler,P (2758) Khanty-Mansiysk 2014}) 12. f3 {[%emt 0:03:00]} Be7 {[%emt 0:02:30]} 13. Nc4 {[%emt 0:00:30]} Nd7 {[%emt 0:01:30]} 14. O-O {[%emt 0:07:30]} a5 {[%emt 0:05:30]} 15. Kh1 {[%emt 0:02:30]} O-O {[%emt 0:02:30]} 16. f4 {[%emt 0:07:30]} exf4 {[%emt 0:05:30]} (16... Ba6 $11) 17. Bxf4 {[%emt 0:00:30]} Qa7 {[%emt 0:00:30]} 18. Bd3 {[%emt 0:05:30]} Nc5 {[%emt 0:03:30]} 19. Be3 {[%emt 0:04:30]} Qc7 {[%emt 0:07:30]} 20. Qh5 {[%emt 0:01:30]} Nxd3 {[%emt 0:07:30]} 21. cxd3 {[%emt 0:01:30]} c5 {[%emt 0:05:30]} 22. Rac1 {[%emt 0:02:30]} Be6 {[%emt 0:03:30]} 23. d4 {[%emt 0:22:30]} cxd4 {[%emt 0:04:30]} 24. Bxd4 {[%emt 0:00:30]} Qd7 {[%emt 0:06:30]} ({Of course not} 24... Bxc4 $6 {[#]} 25. b3 $1 $11 {[%mdl 512]}) 25. Bg1 {[%emt 0:08:30]} Bxc4 {[%emt 0:06:10]} 26. Rxc4 {[%emt 0:00:30]} Qxa4 $17 {[%emt 0:00:10]} 27. Rc7 {[%emt 0:02:30]} Qe8 {[%emt 0:01:07]} 28. Bd4 {[%emt 0:07:30]} Ra6 {[%emt 0:06:56]} 29. Qd5 {[%emt 0:10:16]} a4 {[%emt 0:02:47]} 30. e5 {[%emt 0:02:38]} a3 {[%emt 0:01:16]} 31. bxa3 {[%emt 0:00:41]} bxa3 {[%emt 0:00:11]} 32. Bc3 {[%emt 0:01:29]} Re6 {[%emt 0:00:24]} 33. Qb7 {[%emt 0:01:39]} h6 {[%emt 0:04:17]} 34. h3 {[%emt 0:00:21]} Bd8 {[%emt 0:01:13]} 35. Rd7 {[%emt 0:02:41]} Rb6 {[%emt 0:01:58]} 36. Qd5 {[%emt 0:01:15]} Be7 {[%emt 0:01:03]} 37. Bd4 {[%emt 0:01:17]} Re6 {[%emt 0:00:46]} 38. Qb7 {[%emt 0:00:01]} Kh8 {[%emt 0:01:05]} 39. Rc1 {[%emt 0:00:37]} Bg5 {[%emt 0:01:05]} 40. Rcc7 {[%emt 0:00:00]} Rxe5 {[%emt 0:01:32]} 41. Bxe5 {[%emt 0:04:35]} Qxe5 {[%emt 0:00:30]} 42. Qb1 {[%emt 0:01:30]} a2 {[%emt 0:02:30]} 43. Qxa2 {[%emt 0:00:30]} Qe1+ {[%emt 0:00:00]} 44. Kh2 {[%emt 0:00:30]} Bf4+ {[%emt 0:00:00]} 45. g3 {[%emt 0:00:30]} Qxg3+ {[%emt 0:00:30]} 46. Kh1 {[%emt 0:00:00]} Qxh3+ {[%emt 0:00:00]} 0-1

[Event "Turkey IS Bank Super League 2017"]
[Site "Darica-Kocaeli"]
[Date "2017.07.31"]
[Round "7"]
[White "Tofan, Ibrahim"]
[Black "Apaydin, Fethi"]
[Result "1-0"]
[WhiteElo "2194"]
[BlackElo "2258"]
[Annotator "NA"]
[PlyCount "133"]
[EventType "team-tourn"]
[EventCountry "TUR"]
[SourceTitle "playchess.com"]
[Source "ChessBase"]
[SourceQuality "1"]
[TimeControl "40/5400+30:1800+30"]

1. e4 {[%emt 0:00:30]} g6 {[%emt 0:01:00]} 2. g3 {[%emt 0:00:30]} Bg7 {[%emt 0:00:30]} 3. Bg2 {[%emt 0:00:30]} c5 {[%emt 0:00:30]} 4. Ne2 {[%emt 0:00:30]} Nc6 {[%emt 0:00:30]} 5. c4 {[%emt 0:00:30]} d6 {[%emt 0:04:30]} 6. O-O {[%emt 0:00:30]} Nf6 {[%emt 0:03:30]} 7. Nbc3 {[%emt 0:00:30]} O-O {[%emt 0:00:30]} 8. d3 {[%emt 0:05:30]} a6 {[%emt 0:06:30]} 9. f4 {[%emt 0:03:30]} Bg4 {[%emt 0:00:30] A36: Symmetrical English vs ...g6: 4 Bg2 Bg7} (9... Rb8 10. h3 Nd4 11. Nxd4 cxd4 12. Nd5 Nxd5 13. cxd5 Qb6 14. Qe2 Bd7 15. e5 Rbc8 16. e6 fxe6 17. dxe6 Bc6 18. f5 Bxg2 19. Kxg2 Rxf5 20. Rxf5 gxf5 {0-1 (38) Brendel,O (2348)-Kanep,M (2509) Wroclaw 2014}) 10. Be3 {[%emt 0:07:30]} (10. h3 $5 {[%cal Rh3g4]} Bxe2 11. Nxe2 $11) 10... Nd7 $146 {[%emt 0:10:30]} ({Find the theoretical novelty and annotate with similar games:} 10... Qd7 11. d4 cxd4 12. Bxd4 Nxd4 13. Qxd4 Bxe2 14. Nxe2 Ng4 15. e5 Qc7 16. Nc3 dxe5 17. fxe5 Nxe5 {0-1 (75) Cosme Contreras,T (1667)-Garcia Contreras,C (1863) Lima 2015}) 11. f5 {[%emt 0:10:30] [#]} Nd4 {[%emt 0:11:30]} (11... b5 $1 $15 {[%mdl 512]}) 12. Qd2 {[%emt 0:08:30]} Bxe2 {[%emt 0:01:30]} 13. Nxe2 {[%emt 0:00:30]} Nxe2+ {[%emt 0:10:30]} 14. Qxe2 {[%emt 0:00:30]} Ne5 {[%emt 0:00:30]} 15. d4 {[%emt 0:06:30]} cxd4 {[%emt 0:07:30]} 16. Bxd4 {[%emt 0:00:30]} Nd7 {[%emt 0:00:30]} 17. Bxg7 {[%emt 0:00:30]} Kxg7 {[%emt 0:00:30]} 18. Kh1 {[%emt 0:01:30]} Rc8 {[%emt 0:04:30]} 19. b3 {[%emt 0:03:30]} Rc5 {[%emt 0:05:30]} 20. Rad1 {[%emt 0:06:30]} Qc7 {[%emt 0:03:30]} 21. Rd5 {[%emt 0:02:30]} b6 {[%emt 0:02:30]} 22. Rfd1 {[%emt 0:02:30]} Nf6 $15 {[%emt 0:03:30]} 23. Rxc5 {[%emt 0:01:30]} Qxc5 {[%emt 0:00:30]} 24. Qf3 {[%emt 0:17:19]} Rc8 {[%emt 0:03:47]} 25. h3 {[%emt 0:03:12]} Qe5 {[%emt 0:00:51]} 26. g4 {[%emt 0:03:47]} h6 {[%emt 0:03:06]} 27. Qd3 {[%emt 0:03:01]} a5 {[%emt 0:08:15]} 28. Qd4 {[%emt 0:00:59]} Qxd4 {[%emt 0:03:29]} 29. Rxd4 {[%emt 0:00:01]} Nd7 {[%emt 0:00:22]} 30. Kg1 {[%emt 0:02:48]} Kf6 {[%emt 0:00:35]} 31. Kf2 {[%emt 0:00:17]} Ne5 {[%emt 0:01:08]} 32. Bf1 {[%emt 0:00:44]} Rc5 {[%emt 0:02:24]} 33. a3 {[%emt 0:00:52]} Nd7 {[%emt 0:00:48]} 34. Ke3 {[%emt 0:02:09]} Ke5 {[%emt 0:00:55]} 35. b4 {[%emt 0:05:43]} axb4 {[%emt 0:00:30]} 36. axb4 {[%emt 0:00:30]} Rc7 {[%emt 0:00:00]} 37. Rd5+ {[%emt 0:00:23]} Kf6 {[%emt 0:00:00]} 38. fxg6 {[%emt 0:00:03]} fxg6 {[%emt 0:00:46]} 39. h4 {[%emt 0:00:16]} g5 {[%emt 0:01:05]} 40. hxg5+ {[%emt 0:00:00]} hxg5 {[%emt 0:00:29]} 41. Rf5+ {[%emt 0:02:56]} Kg6 {[%emt 0:01:30]} 42. Rb5 {[%emt 0:00:30]} Rc6 {[%emt 0:16:07]} 43. Be2 {[%emt 0:04:30]} e6 {[%emt 0:00:19]} 44. Kd4 {[%emt 0:01:30]} Kf6 {[%emt 0:00:36]} 45. Ke3 {[%emt 0:04:30]} Ne5 {[%emt 0:00:54]} 46. Kd4 {[%emt 0:01:30]} Ng6 {[%emt 0:00:48]} 47. Bf1 {[%emt 0:02:40]} e5+ {[%emt 0:04:05]} 48. Ke3 {[%emt 0:05:14]} Nf4 {[%emt 0:00:10]} 49. Kf2 {[%emt 0:02:19]} Ke6 {[%emt 0:06:13]} 50. Rd5 {[%emt 0:03:09]} Rc7 {[%emt 0:01:05]} 51. Rb5 {[%emt 0:00:39]} Rc6 {[%emt 0:01:22]} 52. Rd5 {[%emt 0:00:08]} Ke7 {[%emt 0:02:44]} 53. Rd2 {[%emt 0:00:49]} Rc7 {[%emt 0:00:35]} 54. Ra2 {[%emt 0:00:19]} Ne6 {[%emt 0:00:34]} 55. Ra8 {[%emt 0:02:32]} Rb7 {[%emt 0:00:42]} 56. Rh8 {[%emt 0:00:46]} Nf8 {[%emt 0:00:32]} 57. Rg8 {[%emt 0:01:25]} Ne6 {[%emt 0:00:05]} 58. Rh8 {[%emt 0:00:07]} Kf6 {[%emt 0:00:51]} 59. Rh6+ {[%emt 0:00:28]} Kf7 {[%emt 0:00:26]} 60. c5 {[%emt 0:00:24]} Nf8 {[%emt 0:00:41]} 61. c6 {[%emt 0:01:38]} Ra7 {[%emt 0:00:35]} 62. Rxd6 {[%emt 0:00:15]} Ke7 {[%emt 0:00:15]} 63. Rd5 {[%emt 0:00:21]} Ra2+ {[%emt 0:00:03]} 64. Ke1 {[%emt 0:00:51]} Ra1+ {[%emt 0:00:36]} 65. Kd2 {[%emt 0:01:17]} Ne6 {[%emt 0:01:05]} 66. Rd7+ {[%emt 0:00:25]} Kf6 {[%emt 0:00:35]} 67. Bc4 {[%emt 0:00:13]} 1-0

[Event "Turkey IS Bank Super League 2017"]
[Site "Darica-Kocaeli"]
[Date "2017.07.31"]
[Round "7"]
[White "Yelken, Mustafa"]
[Black "Sevgi, Volkan"]
[Result "1/2-1/2"]
[WhiteElo "2171"]
[BlackElo "2199"]
[Annotator "NA"]
[PlyCount "101"]
[EventType "team-tourn"]
[EventCountry "TUR"]
[SourceTitle "playchess.com"]
[Source "ChessBase"]
[SourceQuality "1"]
[TimeControl "40/5400+30:1800+30"]

1. e4 {[%emt 0:01:30]} d5 {[%emt 0:01:00]} 2. exd5 {[%emt 0:00:30]} Qxd5 {[%emt 0:00:30]} 3. Nc3 {[%emt 0:00:30]} Qd6 {[%emt 0:00:30]} 4. d4 {[%emt 0:00:30]} Nf6 {[%emt 0:00:30]} 5. Nf3 {[%emt 0:00:30]} c6 {[%emt 0:00:30]} 6. g3 {[%emt 0:00:30] B01: Scandinavian Defence} (6. Ne5 Nbd7 7. Nc4 Qc7 8. a4 Nd5 9. Bd3 g6 10. Qf3 N7f6 11. Nxd5 Nxd5 12. O-O Bg7 13. c3 O-O 14. Qg3 Qxg3 15. hxg3 {½-½ (28) Caruana,F (2808)-Carlsen,M (2857) Baku 2016}) 6... Bg4 {[%emt 0:00:30]} 7. Bg2 {[%emt 0:00:30]} e6 {[%emt 0:00:00]} 8. O-O {[%emt 0:01:30]} Be7 {[%emt 0:00:00]} 9. Bf4 {[%emt 0:02:30]} Qd8 {[%emt 0:00:00]} 10. h3 {[%emt 0:00:30]} Bh5 {[%emt 0:00:00]} 11. g4 {[%emt 0:02:30]} Bg6 {[%emt 0:00:00]} 12. Ne5 {[%emt 0:00:30]} Nfd7 {[%emt 0:00:00]} 13. Ne4 $146 {[%emt 0:11:30]} ({Predecessor:} 13. Nxg6 hxg6 {0-1 (75) Macieja,B (2600)-Tiviakov,S (2686) Wolvega 2008}) 13... Bxe4 {[%emt 0:06:30]} 14. Bxe4 {[%emt 0:00:30]} Nf6 {[%emt 0:00:00]} ({Black should try} 14... Nxe5 $11 15. Bxe5 O-O) 15. Bg2 {[%emt 0:04:30]} h5 {[%emt 0:02:00] [#]} ({Black should try} 15... Nbd7 $14) 16. c4 {[%emt 0:13:30]} (16. g5 $1 $16 Nfd7 17. h4) 16... hxg4 {[%emt 0:02:30]} 17. hxg4 {[%emt 0:00:30]} Nbd7 {[%emt 0:00:30]} 18. Bf3 {[%emt 0:14:30]} Nxe5 {[%emt 0:03:30]} 19. dxe5 {[%emt 0:03:30]} Nd7 {[%emt 0:00:30]} 20. Kg2 {[%emt 0:04:30]} Bg5 {[%emt 0:06:30]} 21. Qd2 {[%emt 0:01:30]} Bxf4 {[%emt 0:00:30]} 22. Qxf4 {[%emt 0:00:30]} g5 {[%emt 0:00:00]} 23. Qe3 {[%emt 0:01:30]} Nf8 {[%emt 0:03:00]} 24. Be4 {[%emt 0:02:30]} Rh4 {[%emt 0:00:30]} 25. f3 {[%emt 0:03:30]} Nd7 {[%emt 0:01:30]} 26. Rad1 {[%emt 0:01:30]} Qe7 {[%emt 0:00:00]} 27. Rh1 {[%emt 0:08:56]} Nxe5 {[%emt 0:02:00]} 28. Rxh4 $11 {[%emt 0:01:12]} gxh4 {[%emt 0:00:00]} 29. Qh6 {[%emt 0:00:28]} Nxc4 {[%emt 0:00:00]} 30. b3 {[%emt 0:03:40]} Nb6 {[%emt 0:01:30]} 31. Qh8+ {[%emt 0:00:35]} Qf8 {[%emt 0:00:00]} 32. Qxh4 {[%emt 0:00:53]} Nd5 {[%emt 0:12:00]} 33. Bxd5 {[%emt 0:00:34]} cxd5 {[%emt 0:00:00]} 34. Qf6 {[%emt 0:03:36]} Kd7 {[%emt 0:05:00]} 35. Rh1 {[%emt 0:03:05]} Qe7 {[%emt 0:00:30]} 36. Qd4 {[%emt 0:00:23]} Qd6 {[%emt 0:03:30]} 37. Qf6 {[%emt 0:04:12]} Rf8 {[%emt 0:01:30]} 38. Rh7 {[%emt 0:00:07]} Ke8 {[%emt 0:00:30]} 39. g5 {[%emt 0:02:47]} Qd8 {[%emt 0:07:30]} 40. Qe5 {[%emt 0:00:00]} Rg8 {[%emt 0:01:30]} 41. f4 {[%emt 0:05:02]} Qc8 {[%emt 0:05:30]} 42. Kg3 {[%emt 0:01:30]} Qd8 {[%emt 0:09:30]} 43. Kf3 {[%emt 0:02:30]} Kf8 {[%emt 0:02:30]} 44. Kg3 {[%emt 0:03:30]} b6 {[%emt 0:01:30]} 45. Kf3 {[%emt 0:01:30]} d4 {[%emt 0:04:30]} 46. Ke2 {[%emt 0:01:30]} Qc8 {[%emt 0:10:30]} 47. Qxd4 {[%emt 0:01:38]} Qc2+ {[%emt 0:06:30]} 48. Kf3 {[%emt 0:00:22]} Qxh7 {[%emt 0:20:55]} 49. Qd8+ {[%emt 0:00:30]} Kg7 {[%emt 0:00:30]} 50. Qf6+ {[%emt 0:00:30]} Kf8 {[%emt 0:00:00]} 51. Qd8+ {[%emt 0:00:00]} 1/2-1/2

[Event "Turkey IS Bank Super League 2017"]
[Site "Darica-Kocaeli"]
[Date "2017.07.31"]
[Round "7"]
[White "Ererdem, Gani Eren"]
[Black "Sanal, Vahap"]
[Result "1-0"]
[WhiteElo "2090"]
[BlackElo "2533"]
[Annotator "TA"]
[PlyCount "141"]
[EventType "team-tourn"]
[EventCountry "TUR"]
[SourceTitle "playchess.com"]
[Source "ChessBase"]
[SourceQuality "1"]

{[%evp 22,140,30,12,105,69,124,76,60,40,360,356,350,117,140,117,110,102,160,119,195,195,206,153,235,108,260,286,330,322,357,314,304,278,285,291,417,415,433,444,420,441,408,411,407,389,472,467,412,260,262,252,255,263,260,247,248,264,257,243,289,285,290,293,310,310,379,371,381,364,410,414,407,378,391,387,346,347,332,334,844,823,1060,716,1152,1032,1820,1595,1576,1422,2001,1493,6422,4618,5585,2008,6402,5306,6087,5715,4847,2313,29974,29974,29975,1479,29977,29978,29984,29985,29988,29989,29992,29993,29994,29995,29996,29997,29997,29998,29999]} 1. d4 Nf6 2. Nf3 e6 3. c4 b6 4. a3 Ba6 5. Qc2 c5 6. d5 exd5 7. cxd5 g6 8. Nc3 Bg7 9. g3 O-O 10. Bg2 d6 11. O-O b5 12. Re1 {LiveBook: 26 Games} Qc8 $146 {E12: Queen's Indian: Unusual White 4th moves, 4 a3, 4 Nc3 Bb7 5 a3 and 4 Nc3 Bb7} (12... Nbd7 $11) ({Find the theoretical novelty and annotate with similar games:} 12... Nbd7 13. h3 Re8 14. e4 Qc8 15. Bf1 b4 16. Nb5 Bxb5 17. Bxb5 Rb8 18. Bc4 Nb6 19. Bf1 b3 20. Qxb3 Rxe4 21. Rxe4 Nxe4 {½-½ (44) Quintiliano Pinto,R (2378)-Leitao,R (2636) Praia da Pipa 2014}) 13. Bf4 Rd8 (13... Qc7 $14) 14. Ng5 Nh5 {White is better.} 15. Bd2 h6 $2 {[%mdl 8192]} (15... Nd7 $14) 16. Bh3 $18 Rd7 {[#]} 17. Bxd7 $2 (17. Nxf7 $1 $18 {[%mdl 512] is the precise move to win.} Kxf7 (17... Rxf7 18. Bxc8) 18. Be6+ Ke7 19. Qxg6) 17... Nxd7 $16 18. Nf3 Nb6 19. e4 Nc4 ({Black should play} 19... Qg4) 20. Bc1 b4 (20... Qg4 $16 {was worth a try.}) 21. axb4 $18 cxb4 22. Nd1 {[%cal Bc3d1,Bd1e3,Be3c4,Bc4d6][%mdl 32]} Rb8 (22... Bb5 $16) 23. Qa4 (23. Ne3 $18 {Hoping for Rxa6!} b3 24. Qb1) 23... Rb6 $2 (23... Bb5 $16 24. Qa2 (24. Qxa7 b3 $16) 24... Rb7) 24. Qb3 Na3 {White must now prevent ...Bc4.} 25. Ne3 Nb5 26. Bd2 Nc3 27. Rxa6 (27. bxc3 bxc3 28. Qc2 cxd2 $16) 27... Qxa6 28. Nc4 (28. bxc3 bxc3 29. Qc4 Qxc4 $14) 28... Rb7 (28... Rb5 $142 29. e5 Qa4 30. Qxa4 Nxa4) 29. e5 Na4 30. Ra1 Nc5 31. Rxa6 Nxb3 32. Nxd6 Nxd2 33. Nxd2 (33. Nxb7 Nxf3+ 34. Kg2 Nxe5 $16) 33... Rc7 34. Rc6 Rd7 35. e6 fxe6 36. dxe6 Re7 37. Nc8 Re8 38. Nc4 {And now e7 would win.} ({Not} 38. Nxa7 Bxb2 39. Nb5 Nf6 $16) 38... Bf6 39. e7 ({Much less strong is} 39. Nxa7 Ng7) 39... Bxe7 40. Rxg6+ Ng7 41. Nxe7+ ({Don't do} 41. Nxa7 $6 Bc5 $16) 41... Rxe7 42. Rxh6 {[%mdl 4096] Endgame KRN-KRN} Rc7 43. Ne3 Rc5 44. Ra6 Rc7 45. Kg2 Kf7 46. Nd5 Rb7 47. b3 Ne6 48. Ra4 Nc5 49. Rxb4 Rxb4 50. Nxb4 {KN-KN} a5 $2 (50... Nxb3 51. Kf3 a5) 51. Nc2 Nxb3 52. h4 {[%cal Bh2h4,Bh4h5,Bh5h6][%mdl 32]} Kf6 53. g4 a4 54. f4 Nd2 55. Na3 Ne4 56. Kf3 Nd6 57. h5 Nf7 58. Kg3 Nd8 59. g5+ Kf5 60. h6 Nf7 61. Kf3 Nh8 62. Nc2 Nf7 63. Nd4+ Kg6 64. Kg4 {White mates.} Nd6 65. f5+ Kf7 66. g6+ {[%cal Bg5g6,Bg6g7][%mdl 32]} Kg8 67. h7+ Kh8 68. Kg5 a3 69. Kh6 {[%csl Gh6][%cal Rg6g7]} Ne8 {[#]} 70. f6 $1 Nxf6 71. g7# {Precision: White = 74%, Black = 32%.} 1-0

[Event "Turkey IS Bank Super League 2017"]
[Site "Darica-Kocaeli"]
[Date "2017.07.31"]
[Round "7"]
[White "Garabetyan, Arno"]
[Black "Topak, Engin"]
[Result "1/2-1/2"]
[WhiteElo "2085"]
[BlackElo "2192"]
[Annotator "NA"]
[PlyCount "88"]
[EventType "team-tourn"]
[EventCountry "TUR"]
[SourceTitle "playchess.com"]
[Source "ChessBase"]
[SourceQuality "1"]
[TimeControl "40/5400+30:1800+30"]

1. Nf3 {[%emt 0:00:30]} g6 {[%emt 0:01:00]} 2. d4 {[%emt 0:00:30]} Bg7 {[%emt 0:00:30]} 3. e4 {[%emt 0:00:30]} d6 {[%emt 0:00:30]} 4. Bc4 {[%emt 0:02:30]} Nf6 {[%emt 0:09:30]} 5. Qe2 {[%emt 0:00:00]} c6 {[%emt 0:01:30]} 6. Bb3 {[%emt 0:01:00]} O-O {[%emt 0:03:30]} 7. O-O {[%emt 0:00:30]} d5 {[%emt 0:05:30]} 8. e5 {[%emt 0:04:30]} Ne8 {[%emt 0:06:30]} 9. c4 {[%emt 0:04:30]} Nc7 {[%emt 0:03:30]} 10. Nc3 {[%emt 0:04:30]} Bg4 {[%emt 0:25:30]} 11. Rd1 {[%emt 0:00:30]} e6 {[%emt 0:01:30]} 12. h3 {[%emt 0:01:30]} Bxf3 {[%emt 0:00:00]} 13. Qxf3 {[%emt 0:00:30]} Nd7 {[%emt 0:00:00]} 14. Qe2 {[%emt 0:05:30]} Qh4 {[%emt 0:07:30]} 15. cxd5 {[%emt 0:16:30]} exd5 {[%emt 0:01:30]} 16. Kh2 {[%emt 0:02:30]} Qe7 {[%emt 0:02:30]} 17. f4 {[%emt 0:00:30]} f6 $11 {[%emt 0:01:30]} 18. Kh1 {[%emt 0:16:30]} Kh8 {[%emt 0:00:30]} 19. Be3 {[%emt 0:01:30]} fxe5 {[%emt 0:02:30]} 20. fxe5 {[%emt 0:00:30]} Qh4 {[%emt 0:02:30]} 21. Qg4 {[%emt 0:08:30]} Qxg4 {[%emt 0:04:36]} 22. hxg4 {[%emt 0:00:30]} Rae8 {[%emt 0:00:04]} 23. Rd2 {[%emt 0:07:30]} Ne6 {[%emt 0:07:16]} 24. Kg1 {[%emt 0:05:40]} Nb6 {[%emt 0:00:14]} 25. Rf1 {[%emt 0:01:01]} Rxf1+ {[%emt 0:00:40]} 26. Kxf1 {[%emt 0:00:01]} Bf8 {[%emt 0:00:27]} 27. Rf2 {[%emt 0:04:04]} Kg7 {[%emt 0:02:45]} 28. Ne2 {[%emt 0:00:23]} Be7 {[%emt 0:00:45]} 29. Ng1 {[%emt 0:01:58]} Bh4 {[%emt 0:05:20]} 30. Rd2 {[%emt 0:01:12]} Bg5 {[%emt 0:00:56]} 31. Bxg5 {[%emt 0:04:07]} Nxg5 {[%emt 0:00:03]} 32. Nf3 {[%emt 0:01:22]} Ne6 {[%emt 0:04:16]} 33. Ke2 {[%emt 0:00:46]} Rf8 {[%emt 0:00:20]} 34. g5 {[%emt 0:00:47]} Rf4 {[%emt 0:00:28]} 35. Kd3 {[%emt 0:01:16]} Nc8 {[%emt 0:00:17]} 36. Kc3 {[%emt 0:01:15]} Ne7 {[%emt 0:00:12]} 37. Bc2 {[%emt 0:01:06]} Nf5 {[%emt 0:01:59]} 38. Bxf5 {[%emt 0:00:44]} Rxf5 {[%emt 0:00:02]} 39. b4 {[%emt 0:00:00]} a6 {[%emt 0:01:09]} 40. a4 {[%emt 0:00:00]} Nxg5 {[%emt 0:01:11]} 41. Nxg5 {[%emt 0:01:18]} Rxg5 {[%emt 0:00:30]} 42. b5 {[%emt 0:00:30]} axb5 {[%emt 0:00:30]} 43. axb5 {[%emt 0:00:00]} cxb5 {[%emt 0:00:00]} 44. Kb4 {[%emt 0:00:00]} Kf7 {[%emt 0:00:00]} 1/2-1/2